古巨基《情歌王》歌词填空 - Statistics

General Stats
  • This quiz has been taken 12 times
  • The average score is 64 of 238
Answer Stats
Answer % Correct
爱你不是因为你的美而已
82%
我越来越爱你
82%
Forever Love
82%
王力宏
73%
最爱你的是我
64%
每个眼神触动我的心
45%
黎明
45%
否则你怎么让我
45%
否则我怎么可能赴汤蹈火
45%
你说什么都做
45%
童话
45%
光良
45%
我要变成
45%
童话里你爱的那个天使
45%
张开双手
45%
两个人的烟火
36%
张学友
36%
如果这就是爱
36%
都是生命里温柔灌溉
36%
变成翅膀守护你
36%
你要相信
36%
相信我们会像童话故事里
36%
很爱很爱你
36%
刘若英
36%
往更多幸福的地方飞去
36%
很爱很爱你
36%
只有让你拥有爱情
36%
我才安心
36%
我愿意
36%
王菲
36%
我愿意为你
36%
我愿意为你
36%
我愿意为你忘记我姓名
36%
只要你真心
36%
拿爱与我回应
36%
我什么都愿意为你
36%
如果·爱
27%
在转身就该勇敢留下来
27%
就算受伤就算流泪
27%
好想好想
27%
古巨基
27%
好想好想
27%
好想好想
27%
好想好想和你在一起
27%
明天我要嫁给你
27%
明天我要嫁给你啦
27%
明天我要嫁给你啦
27%
要不是你问我
27%
要不是你劝我
27%
要不是适当的时候你让我心动
27%
不得不爱
27%
潘玮柏
27%
最爱你的人是我
27%
你怎么舍得我难过
27%
爱我别走
27%
爱我别走
27%
如果你说
27%
你不爱我
27%
不要听见你真的说出口
27%
再给我一点温柔
27%
让我欢喜让我忧
27%
周华健
27%
就请你给我多一点点时间
27%
再多一点点问候
27%
不要一切都带走
27%
就请你给我多一点点空间
27%
再多一点点温柔
27%
不要让我如此难受
27%
原来你什么都不想要
27%
我不要你的承诺
27%
不要你的永远
27%
只要你真真切切爱我一遍
27%
就算虚荣也好
27%
贪心也好
27%
最怕你把沉默
27%
原来你什么都不想要
27%
用心良苦
27%
张宇
27%
你说你想要逃
27%
偏偏注定要落脚
27%
剩下空心要不要
27%
张学友
27%
伤离别
27%
离别虽然在眼前
27%
说再见
27%
再见不会太遥远
27%
若有缘
27%
有缘就能期待明天
27%
你和我重逢在灿烂的季节
27%
吻别
27%
张学友
27%
我和你吻别在无人的街
27%
我和你吻别在狂乱的夜
27%
我的心等着迎接伤悲
27%
能不能让我陪着你走
27%
既然你说留不住你
27%
回去的路有些黑暗
27%
征服
27%
那英
27%
就这样被你征服
27%
切断了所有退路
27%
我的决定是糊涂
27%
听海
27%
张惠妹
27%
听海哭的声音
27%
味道
27%
辛晓琪
27%
我想念你的吻
27%
和手指淡淡烟草味道
27%
记忆中曾被爱的味道
27%
我怀念的
27%
孙燕姿
27%
我怀念的是无话不说
27%
我怀念的是一起做梦
27%
我怀念的是争吵以后
27%
还是想要爱你的冲动
27%
也记得那一首歌
27%
记得那片星空
27%
最暖的胸口
27%
领悟
27%
辛晓琪
27%
多么痛的领悟
27%
你曾是我的全部
27%
爱的束缚
27%
任意追逐
27%
别再为爱受苦
27%
月亮惹的祸
27%
张宇
27%
都是你的错
27%
在你的眼中
27%
总是藏着让人又爱又怜的朦胧
27%
都是你的错
27%
像一个魔咒
27%
被你爱过还能为谁蠢动
27%
我们的爱
27%
飞儿乐团
27%
我们的爱
27%
过了就不再回来
27%
直到现在我还默默地等待
27%
我们的爱
27%
我明白已变成你的负担
27%
只是永远我都放不开
27%
最后的温暖
27%
你把我灌醉
27%
你把我灌醉
27%
你让我流泪
27%
我拼命挽回
27%
你把我灌醉
27%
你让我心碎
27%
爱得收不回
27%
你从不曾发现
27%
我笑中还有泪
27%
情非得已
27%
庾澄庆
27%
只怕我自己会爱上你
27%
爱你也需要很大的勇气
27%
你是如此的难以忘记
27%
浮浮沉沉的在我心里
27%
心太软
27%
任贤齐
27%
你总是心太软
27%
心太软
27%
把所有问题都自己扛
27%
相爱总是简单
27%
相处太难
27%
不是你的就别再勉强
27%
王力宏
27%
我只想用我这一辈子去爱你
27%
从今以后你会是所有幸福的理由
27%
Forever Love
27%
Forever Love
27%
Forever Love
27%
Forever Love
27%
Forever Love
27%
Forever Love
27%
周华健
18%
弦子
18%
我的心思由你猜
18%
我就是要你让我每天都精彩
18%
阴天
18%
莫文蔚
18%
开始总是分分钟
18%
都妙不可言
18%
总之那几年
18%
感性赢了理性那一面
18%
陶喆
18%
是不是拥有以后就会开始要失去
18%
给你的越多
18%
爱已无法回答所有的问题
18%
离开你是傻是对是错
18%
是看破是软弱
18%
这结果是爱是恨
18%
或者是什么
18%
你怎么舍得我难过
18%
黄品源
18%
对你付出了这么多
18%
你却没有感动过
18%
张震岳
18%
原来你什么都不想要
18%
张惠妹
18%
当做对我的回答
18%
情灭了爱熄了
18%
祝福
18%
让风痴笑我不能拒绝
18%
担心让你一个人走
18%
我的心情是坚固
18%
我记得那年生日
18%
最紧的右手
18%
只愿你挣脱情的枷锁
18%
你的痴情梦
18%
眼泪
18%
范晓萱
18%
哦眼泪
18%
眼泪都是我的体会
18%
成长的滋味
18%
忍住眼泪不让你看见
18%
我在改变孤单的感觉
18%
怕我没什么能够给你
18%
改变自己需要多少勇气
18%
翻腾的心情该如何平静
18%
I Love You
18%
天天都需要你爱
9%
谁都以为热情它永不会灭
9%
你却要想要躲
9%
那么爱你为什么
9%
黄品源
9%
把悲伤留给自己
9%
陈升
9%
叹惜着谁又被伤了心
9%
邓紫棋
9%
扛下了所有罪
9%
哦眼泪
9%
不敢让自己靠得太近
9%
你是如此难以忘记
9%
梁朝伟
9%
飞机场的10:30
9%
Baby Baby Baby Baby Oh Baby Baby Oh Baby
9%
像你身上的味道
0%
No matching quizzes found
Score Distribution
Percent of People with Each Score
Percentile by Number Answered
Your Score History
You have not taken this quiz